Les 10 états des USA les plus riches par habitant - Statistiques

Statistiques générales
  • Ce quiz a été pris 212 fois
  • Le résultat moyen est 6 sur 10
Statistiques - réponses
Place Etat % Correct
4 Californie
96%
1 New York
96%
6 Washington
78%
5 New Jersey
59%
2 Massachusetts
53%
9 Illinois
52%
3 Connecticut
46%
7 Maryland
42%
10 Virginie
40%
8 Colorado
39%
Aucun quiz correspondant
Distribution des résultats
% des personnes avec chaque résultat
Percentile par nombre de réponses
Votre historique - résultats
Vous n’avez pas pris ce quiz